000 00295nam a22001337a 4500
003 SGT
082 _a617.601
_bA18R
100 _aRAINA, SONIA
245 _aASSESSMENT OF THE HEALTH STATUS
260 _aSGTU
_c2018
300 _a110
650 _aPUBLIC HEATH DENTISTRY DENTAL
942 _2ddc
_cTH
999 _c20574
_d20574